الأرقم بن أبي الأرقم المخزومي رضي الله عنه : (رقم التسجيلة. 22146)

تفاصيل مارك
000 -LEADER
fixed length control field 00571nam a22001577a 4500
005 - DATE AND TIME OF LATEST TRANSACTION
control field 20251108165215.0
008 - FIXED-LENGTH DATA ELEMENTS--GENERAL INFORMATION
fixed length control field 250721s1997 xx 000 0 ara d
082 14 - DEWEY DECIMAL CLASSIFICATION NUMBER
Classification number 922.1/طيب
100 1# - MAIN ENTRY--PERSONAL NAME
Personal name الطيبي، عكاشة عبد المنان
245 10 - TITLE STATEMENT
Title الأرقم بن أبي الأرقم المخزومي رضي الله عنه :
Remainder of title سابع سبعه في الإسلام /
264 1# - PRODUCTION, PUBLICATION, DISTRIBUTION, MANUFACTURE, AND COPYRIGHT NOTICE
Place of production, publication, distribution, manufacture بيروت :
Name of producer, publisher, distributor, manufacturer دار إبن زيدون،
Date of production, publication, distribution, manufacture, or copyright notice 1997.
300 ## - PHYSICAL DESCRIPTION
Extent 136ص.
650 17 - SUBJECT ADDED ENTRY--TOPICAL TERM
Topical term or geographic name as entry element الأرقم بن أبي الأرقم المخزومي
942 ## - ADDED ENTRY ELEMENTS (KOHA)
Source of classification or shelving scheme Dewey Decimal Classification
Koha item type كتب
المقتنيات
حالة السحب حالة الفقدان مصدر التصنيف حالة التلف غير قابل للإعارة المكتبة الرئيسية المكتبة الحالية موقع الرف تاريخ التزويد الرقم المتسلسل Total Checkouts رقم الإستدعاء الباركود تاريخ آخر ظهور تاريخ الفاتورة نوع المادة (كوها)
    Dewey Decimal Classification     المكتبة المركزية المكتبة المركزية الأطفال 06/07/2004 250883   922.1/طيب 250883 28/07/2025 06/07/2004 كتب
    Dewey Decimal Classification     المكتبة المركزية المكتبة المركزية الأطفال 06/07/2004 250884   922.1/طيب 250884 28/07/2025 06/07/2004 كتب
    Dewey Decimal Classification     المكتبة المركزية المكتبة المركزية الأطفال 24/07/2011 1479662   922.1/طيب PLD00216445 28/07/2025 24/07/2011 كتب
    Dewey Decimal Classification     المكتبة المركزية المكتبة المركزية الأطفال 31/01/2012 1509345   922.1/طيب PLD00238906 28/07/2025 31/01/2012 كتب
    Dewey Decimal Classification     مكتبة حمزة العامة مكتبة حمزة العامة الإعارة 28/02/2018 1676173   922.1/طيب PLD00418220 28/07/2025 28/02/2018 كتب
    Dewey Decimal Classification     مكتبة وادي السير العامة مكتبة وادي السير العامة الإعارة 16/09/2015 6871.   922.1/طيب PLD00347597 28/07/2025 16/09/2015 كتب
Implemented & Customized by: BBB with SCIT (Smart Chains for Information Technology)

Powered by Koha